000 00433nam a2200169Ia 4500
003 GCL
008 140319s9999 xx 000 0 ara d
040 _aGCL /
_cGCL
082 0 4 _a361
_bم م
100 1 _aمحمود حسن محمد
245 1 0 _aممارسة خدمة الفرد /
_cمحمود حسن محمد
300 _a410 ص
490 _a
650 0 4 _aخدمة الفرد
650 0 4 _aالادارة
942 _2ddc
_cBK
999 _c41318
_d41318